Northern Irish cities are top relocation spots (Record no. 117219)
[ view plain ]
| 000 -LEADER | |
|---|---|
| fixed length control field | 01180cam a2200265 4500 |
| 001 - CONTROL NUMBER | |
| control field | WB4015-03 |
| 008 - FIXED-LENGTH DATA ELEMENTS--GENERAL INFORMATION | |
| fixed length control field | 040420n2004 000 0 eng u |
| 035 ## - SYSTEM CONTROL NUMBER | |
| System control number | (Sirsi) u125888 |
| 245 ## - TITLE STATEMENT | |
| Title | Northern Irish cities are top relocation spots |
| 260 ## - PUBLICATION, DISTRIBUTION, ETC. | |
| Date of publication, distribution, etc. | 2004 |
| 490 ## - SERIES STATEMENT | |
| Series statement | Royal Mail News Release |
| Volume/sequential designation | 19 April 2004 (2) |
| 520 ## - SUMMARY, ETC. | |
| Summary, etc. | Findings from Royal Mail's Business Barometer show Northern Ireland cities and those in northern England are the most popular areas for company relocations. The fastest growing areas for new and relocated businesses in 2003 were Belfast, with 487 companies, up 4.7% on the previous year, Hull came in second, up 3.3% to 183, followed by Blackburn up 3% to 121. Research also showed about 7% of companies relocate each year. Royal Mail news release at http://www.royalmailgroup.com/news/expandarticle.a sp?id=1296&brand=royal_mail. |
| 590 ## - LOCAL NOTE (RLIN) | |
| Local note | WB |
| 590 ## - LOCAL NOTE (RLIN) | |
| Local note | WB |
| 650 ## - SUBJECT ADDED ENTRY--TOPICAL TERM | |
| Topical term or geographic name entry element | NORTHERN IRELAND |
| 650 ## - SUBJECT ADDED ENTRY--TOPICAL TERM | |
| Topical term or geographic name entry element | NORTHERN ENGLAND |
| 650 ## - SUBJECT ADDED ENTRY--TOPICAL TERM | |
| Topical term or geographic name entry element | BELFAST |
| 650 ## - SUBJECT ADDED ENTRY--TOPICAL TERM | |
| Topical term or geographic name entry element | HULL |
| 650 ## - SUBJECT ADDED ENTRY--TOPICAL TERM | |
| Topical term or geographic name entry element | BLACKBURN |
| 650 ## - SUBJECT ADDED ENTRY--TOPICAL TERM | |
| Topical term or geographic name entry element | COMPANIES |
| 650 ## - SUBJECT ADDED ENTRY--TOPICAL TERM | |
| Topical term or geographic name entry element | RANKINGS |
| 650 ## - SUBJECT ADDED ENTRY--TOPICAL TERM | |
| Topical term or geographic name entry element | COMPANY RELOCATION |
| 690 ## - LOCAL SUBJECT ADDED ENTRY--TOPICAL TERM (OCLC, RLIN) | |
| Topical term or geographic name as entry element | Business and management |
| 9 (RLIN) | 6226 |
| 942 ## - ADDED ENTRY ELEMENTS (KOHA) | |
| Suppress in OPAC | 0 |
| Withdrawn status | Lost status | Source of classification or shelving scheme | Damaged status | Not for loan | Home library | Current library | Shelving location | Date acquired | Total Checkouts | Full call number | Barcode | Date last seen | Copy number | Price effective from | Koha item type |
|---|---|---|---|---|---|---|---|---|---|---|---|---|---|---|---|
| Dewey Decimal Classification | London | London | News article | 20/04/2004 | WB4015-03 | 125888-1001 | 06/08/2019 | 1 | 06/08/2019 | News article |